000
00280nam a2200133Ia 4500
008
240510s9999 xx 000 0 und d
041
_a
Eng
082
_b
NS
245
4
_a
The times atlas of the world
260
_b
Times Book
260
_c
1994
942
_2
ddc
942
_c
LBK
999
_c
23995
_d
23995
945
_a
1
_b
Madushi Gamage
_c
1
_d
Madushi Gamage